Statystyki dla Flagi państw z najwyższym procentem bieli

Kliknij tutaj aby rozwiązać quiz!

Ogólne statystyki

  • Ten quiz został rozwiązany 8,395 razy
  • Średni wynik to 14 z 15

Statystyki odpowiedzi

Answer % poprawnych
Japonia
100%
Korea Południowa
99%
Polska
99%
Izrael
98%
Finlandia
98%
Grecja
98%
Cypr
96%
Monako
90%
Malta
90%
Gruzja
89%
Urugwaj
89%
Indonezja
86%
Panama
81%
Algieria
80%
Singapur
67%

Rozkład punktacji

Percentyl według liczby udzielonych odpowiedzi

Procent ludzi z każdym wynikiem

Twoja historia wyników

Nie rozwiązałeś tego quizu